Oceanographical engineering
Salvato in:
| Autore principale: | |
|---|---|
| Natura: | Libro |
| Lingua: | inglese |
| Pubblicazione: |
Englewood Cliffs
Prentice-Hall
1964
|
| Serie: | Fluid Mechanics Series
|
| Soggetti: | |
| Tags: |
Aggiungi Tag
Nessun Tag, puoi essere il primo ad aggiungerne!!
|
MARC
| LEADER | 00000nam a2200000 a 4500 | ||
|---|---|---|---|
| 001 | UCY2998 | ||
| 003 | CL-VaPUC | ||
| 008 | 941205e19640000US |||||||||||||||||eng|d | ||
| 082 | 0 | 4 | |a 551.4702 |b WIE |2 21 |
| 100 | 0 | |a Wiegel, Robert L |e author |9 331177 | |
| 245 | 1 | 0 | |a Oceanographical engineering |
| 300 | |a 532 p | ||
| 942 | |c BK | ||
| 945 | |d 19941205 00:00:00 |a mfernand | ||
| 260 | |a Englewood Cliffs |b Prentice-Hall |c 1964 | ||
| 650 | 0 | |a Olas |9 261446 | |
| 650 | 0 | |a Oceanografía |9 260014 | |
| 650 | 7 | |a ESTRUCTURAS HIDRAULICAS |2 CL-VaPUC |9 261375 | |
| 583 | |a last modification |c 20120821 10:21:53 |k Rodrigo Vera | ||
| 490 | 0 | |a Fluid Mechanics Series | |
| 999 | |c 231252 |d 231250 | ||
| 952 | |0 0 |1 0 |2 ddc |4 0 |6 551_470200000000000_WIE_1964 |7 0 |8 A |9 234278 |a BIBCUR |b BIBCUR |d 2019-11-15 |i 3039285 |o 551.4702 WIE 1964 |p 3039285 |r 2025-04-22 |w 2019-11-15 |y BK |k CIM | ||
| 952 | |0 0 |1 0 |2 ddc |4 0 |6 551_470200000000000_WIE_1964 |7 0 |8 A |9 234279 |a BIBCUR |b BIBCUR |d 2019-11-15 |i 1962736 |o 551.4702 WIE 1964 |p 1962736 |r 2025-04-22 |w 2019-11-15 |y BK |k CIM | ||